| 000 | 00525nam a2200217Ia 4500 | ||
|---|---|---|---|
| 005 | 20251121190754.0 | ||
| 008 | 230125s9999 xx 000 0 und d | ||
| 020 | _a9780007335640 | ||
| 041 | _aeng | ||
| 082 |
_a158.1 _bLOW |
||
| 100 |
_aLowndes L _9215245 |
||
| 245 | _aHow To Feel Confident. | ||
| 260 |
_c2014 _bHarper Element. |
||
| 300 | _a283p | ||
| 440 | _v1 | ||
| 500 | _aPersonality Development; | ||
| 650 |
_aPersonality Development _9213420 |
||
| 700 |
_aLowndes L _9215245 |
||
| 906 | _b29 | ||
| 942 | _cBK | ||
| 999 |
_c95320 _d95320 |
||